Central Europe - Statistics

General Stats
  • This quiz has been taken 87 times
  • The average score is 7 of 8
Answer Stats
Hint Answer % Correct
Landlocked Austria
95%
Has a coast Germany
95%
Landlocked Czechia
92%
Landlocked Hungary
92%
Has a coast Poland
92%
Landlocked Slovakia
92%
Landlocked Switzerland
88%
Landlocked Liechtenstein
83%
No matching quizzes found
Score Distribution
Percent of People with Each Score
Percentile by Number Answered
Your Score History
You have not taken this quiz